ბათუმის შოთა რუსთაველის სახელმწიფო უნივერსიტეტის ბიბლიოთეკა

Telecom Systems : (ბიბ.ჩანაწერი № 57381)

000 -LEADER
fixed length control field 00627nam a22001937a 4500
005 - DATE AND TIME OF LATEST TRANSACTION
control field 20220930121717.0
008 - FIXED-LENGTH DATA ELEMENTS--GENERAL INFORMATION
fixed length control field 200615s2006 enk||||| |||| 00| 0 eng d
020 ## - INTERNATIONAL STANDARD BOOK NUMBER
International Standard Book Number 9780972805391
041 ## - LANGUAGE CODE
Language code of text/sound track or separate title eng
080 ## - UNIVERSAL DECIMAL CLASSIFICATION NUMBER
Universal Decimal Classification number 621.382 H-24
100 ## - MAIN ENTRY--PERSONAL NAME
Personal name Harte, Lawrence
9 (RLIN) 8383
245 ## - TITLE STATEMENT
Title Telecom Systems :
Statement of responsibility, etc. Lawrence Harte, Avi Ofrane.
Remainder of title PSTN, PBX, Datacom, IP telephony, IPTV, Wireless and Billing /
264 ## - PRODUCTION, PUBLICATION, DISTRIBUTION, MANUFACTURE, AND COPYRIGHT NOTICE
Place of production, publication, distribution, manufacture USA,
Date of production, publication, distribution, manufacture, or copyright notice 2006.
300 ## - PHYSICAL DESCRIPTION
Extent 480 p.;
Other physical details 23 cm.
653 ## - INDEX TERM--UNCONTROLLED
keyword ტელეკომუნიკაცია
653 ## - INDEX TERM--UNCONTROLLED
keyword ინჟინერია
700 ## - ADDED ENTRY--PERSONAL NAME
Personal name Ofrane, Avi
Relator term ავტორი
9 (RLIN) 8384
942 ## - ADDED ENTRY ELEMENTS (KOHA)
Source of classification or shelving scheme
Koha item type წიგნი
ეგზემპლარები
Withdrawn status Lost status Source of classification or shelving scheme Damaged status Not for loan Permanent Location Current Location Shelving location Date acquired Cost, normal purchase price Full call number Barcode Date last seen Copy number Price effective from Koha item type Public note
          ბათუმის შოთა რუსთაველის სახელმწიფო უნივერსიტეტის მთავარი ბიბლიოთეკა ბათუმის შოთა რუსთაველის სახელმწიფო უნივერსიტეტის მთავარი ბიბლიოთეკა წიგნსაცავი 2020-06-15 171.00 621.382 H-24 60573 2020-06-15 60573 2020-06-15 წიგნი 171 ლ.